00414nam a22001337a 4500003000500000038001800005082000800023100001800031245007900049264003500128650002500163700003500188856005700223NUST aNusrat Nadeem a200 aZainab, Nabia aHallucination Detection and Mitigation in Language Models/cNabia Zainab,  aIslamabad:bSEECS NUST.c2025. aMS-Computer Science  aSupervisor: Dr. Syed Imran Ali uhttp://10.250.8.41:8080/xmlui/handle/123456789/57258